[Event "Geza Hetenyi Mem 2023"]
[Site "Budapest HUN"]
[Date "2023.07.19"]
[Round "9.1"]
[White "Kozak, Adam"]
[Black "Prohaszka, Peter2"]
[Result "1-0"]
[WhiteTitle "GM"]
[BlackTitle "GM"]
[WhiteElo "2571"]
[BlackElo "2585"]
[WhiteFideId "753246"]
[BlackFideId "726265"]
[EventDate "2023.07.11"]

1. e4 e5 2. Nf3 Nc6 3. Bc4 Nf6 4. d3 Bc5 5. a4 d6 6. a5 a6 7. c3 Be6 8. Bxe6
fxe6 9. b4 Ba7 10. Be3 O-O 11. O-O Qe8 12. Nbd2 h6 13. Qb3 Kh7 14. h3 g5 15. Nh2
Rg8 16. Ng4 Nxg4 17. hxg4 Kg7 18. Rfe1 Rh8 19. Qd1 Ne7 20. d4 Ng6 21. Nf1 Rf8
22. d5 exd5 23. Qxd5 Qf7 24. Qxf7+ Kxf7 25. Bxa7 Rxa7 26. Ne3 Ne7 27. g3 Raa8
28. Kg2 Kg7 29. Nf5+ Nxf5 30. gxf5 d5 31. g4 dxe4 32. Rxe4 h5 33. Rxe5 hxg4 34.
Rae1 Rad8 35. Kg3 Rd3+ 36. Kxg4 Rxc3 37. Kxg5 Rf3 38. R1e2 Rf7 39. Kg4 Rb3 40.
R2e4 Rb2 41. f3 Rd2 42. Kg5 Rg2+ 43. Kf4 Rh2 44. Re6 Rh5 45. R4e5 Rh1 46. Rg6+
Kh7 47. Rg4 Rh5 48. Ke4 Rh1 49. Ke3 Rh5 50. Kf4 Rf6 51. Re7+ Kh6 52. Re5 Kh7 53.
Ke4 Rf7 54. f6 Rh6 55. Re7 Rxf6 56. Rxf7+ Rxf7 57. f4 b6 58. f5 Rg7 59. Rxg7+
Kxg7 60. b5 1-0

[Event "Geza Hetenyi Mem 2023"]
[Site "Budapest HUN"]
[Date "2023.07.19"]
[Round "9.2"]
[White "Shevchenko, Kirill"]
[Black "Maghsoodloo, Parham"]
[Result "1/2-1/2"]
[WhiteTitle "GM"]
[BlackTitle "GM"]
[WhiteElo "2694"]
[BlackElo "2719"]
[WhiteFideId "14129574"]
[BlackFideId "12539929"]
[EventDate "2023.07.11"]

1. Nf3 Nf6 2. g3 b5 3. Bg2 Bb7 4. d3 e6 5. e4 d6 6. O-O Nbd7 7. Na3 b4 8. Nc4 a5
9. Re1 Be7 10. a3 d5 11. exd5 Bxd5 12. Nd4 Bxg2 13. Kxg2 Nb8 14. Qf3 Ra6 15.
axb4 Qxd4 16. b5 Rb6 17. Rxa5 Bb4 18. c3 Bxa5 19. cxd4 Bxe1 20. Nxb6 cxb6 21.
Bf4 O-O 22. Bd6 Nbd7 23. Qd1 Bxf2 24. Bxf8 Nxf8 25. Kxf2 h6 26. Qc1 g5 27. h4
gxh4 28. gxh4 Kg7 29. d5 Nxd5 30. Kf3 Nd7 31. Qg1+ Kf8 32. Ke4 Nc5+ 33. Kd4 Nd7
34. Qg3 N7f6 35. Ke5 Ne8 36. Qg1 Nef6 37. Kd6 Ne8+ 38. Kd7 Nef6+ 39. Kd8 Ng8 40.
Qg3 Ngf6 41. Kc8 Ne7+ 42. Kb7 Ned5 43. Kc6 Ng8 44. b4 Ngf6 45. Qg1 Ng8 46. Qa1
Ngf6 47. h5 Kg7 48. Qg1+ Kf8 49. Kb7 Ng8 50. Qg3 Ngf6 51. Qg2 Nd7 1/2-1/2

[Event "Geza Hetenyi Mem 2023"]
[Site "Budapest HUN"]
[Date "2023.07.19"]
[Round "9.3"]
[White "Tabatabaei, M. Amin"]
[Black "Sjugirov, Sanan"]
[Result "1/2-1/2"]
[WhiteTitle "GM"]
[BlackTitle "GM"]
[WhiteElo "2689"]
[BlackElo "2699"]
[WhiteFideId "12521213"]
[BlackFideId "4189302"]
[EventDate "2023.07.11"]

1. e4 e5 2. Nf3 Nc6 3. Bb5 a6 4. Ba4 Nf6 5. Nc3 Bc5 6. Bxc6 dxc6 7. Nxe5 Bd4 8.
Nf3 Bxc3 9. bxc3 Nxe4 10. Qe2 Qe7 11. O-O Nd6 12. Qxe7+ Kxe7 13. Re1+ Kd8 14. d3
f6 15. Bf4 Bg4 16. Nd2 Re8 17. Rxe8+ Kxe8 18. Rb1 b5 19. Nb3 Be6 20. Re1 Kf7 21.
Nc5 Bxa2 22. Ra1 Be6 23. Rxa6 Rxa6 24. Nxa6 Ne8 25. f3 Ke7 26. h4 Bc8 27. Nc5 g6
28. Nb3 Be6 29. Na5 Kd7 30. Nb7 Ba2 31. Nc5+ Ke7 32. Na6 Bb1 33. Nb4 c5 34. Nd5+
Kd7 35. Ne3 b4 36. Bg3 Ng7 37. Be1 Nf5 38. Nxf5 gxf5 39. cxb4 cxb4 40. Bxb4 Bxc2
41. d4 1/2-1/2

[Event "Geza Hetenyi Mem 2023"]
[Site "Budapest HUN"]
[Date "2023.07.19"]
[Round "9.4"]
[White "Praggnanandhaa, R"]
[Black "Wojtaszek, Radoslaw"]
[Result "1/2-1/2"]
[WhiteTitle "GM"]
[BlackTitle "GM"]
[WhiteElo "2690"]
[BlackElo "2676"]
[WhiteFideId "25059530"]
[BlackFideId "1118358"]
[EventDate "2023.07.11"]

1. e4 e5 2. Nf3 Nc6 3. Nc3 Nf6 4. d4 exd4 5. Nxd4 Bb4 6. Nxc6 bxc6 7. Bd3 O-O 8.
O-O d5 9. exd5 cxd5 10. Bg5 Be6 11. Nb5 c5 12. a3 Ba5 13. b4 Bb6 14. bxc5 Bxc5
15. Qd2 h6 16. Be3 Bxe3 17. Qxe3 Bd7 18. Rab1 Qb6 19. Qxb6 axb6 20. Rb4 Ra5 21.
Rfb1 Rfa8 22. Nd4 Rxa3 23. Rxb6 Ra1 24. f3 Rxb1+ 25. Rxb1 Kf8 26. Kf2 Ke7 27.
Rb7 g6 28. Ke3 Kd6 29. Rb6+ Ke7 30. h4 Ne8 31. h5 gxh5 32. Rxh6 Ng7 33. Rh7 Kf6
34. Rh6+ Kg5 35. Rb6 Re8+ 36. Kf2 Bf5 37. Rb5 Bxd3 38. cxd3 Rd8 39. Nc6 Rd6 40.
Ne7 Nf5 41. Rxd5 Rxd5 42. Nxd5 h4 43. Nc3 Nd4 44. Ne2 Nc2 45. d4 Kf5 46. Kg1 Nb4
47. Nc3 Nc2 48. d5 Ke5 49. Kh2 Nb4 50. Kh3 Kd4 51. Ne2+ Ke3 52. Nc3 Kd4 53. Ne4
Nxd5 54. Kxh4 Ke3 55. Kg3 f5 56. Ng5 Nf4 57. Nh3 Nd3 58. Ng5 Nf4 59. Nf7 Ne2+
60. Kh4 Nf4 61. g4 fxg4 62. fxg4 Ne6 63. g5 1/2-1/2

[Event "Geza Hetenyi Mem 2023"]
[Site "Budapest HUN"]
[Date "2023.07.19"]
[Round "9.5"]
[White "Eljanov, Pavel"]
[Black "Matlakov, Maxim"]
[Result "1/2-1/2"]
[WhiteTitle "GM"]
[BlackTitle "GM"]
[WhiteElo "2694"]
[BlackElo "2673"]
[WhiteFideId "14102951"]
[BlackFideId "4168003"]
[EventDate "2023.07.11"]

1. Nf3 d5 2. g3 Nf6 3. Bg2 e6 4. O-O Be7 5. c4 O-O 6. d4 dxc4 7. Qa4 a6 8. Qxc4
b5 9. Qc2 Bb7 10. Bf4 Nc6 11. Nc3 Nb4 12. Qd2 c5 13. dxc5 Bxc5 14. a3 Nbd5 15.
Nxd5 Bxd5 16. Be3 Be7 17. Rac1 Rc8 18. Qd4 Qd7 19. Qa7 Qxa7 20. Bxa7 Ne4 21.
Rfd1 Bb3 22. Re1 Bd5 23. h4 b4 24. axb4 Bxb4 25. Red1 a5 26. Ne5 Rxc1 27. Rxc1
Ra8 28. Bd4 a4 29. Nd7 Rd8 30. Rc7 a3 31. bxa3 Bxa3 32. Ra7 Ra8 33. Rxa8+ Bxa8
34. Nc5 Bxc5 35. Bxe4 Bxd4 36. Bxa8 Kh8 37. Bh1 Ba1 38. Ba8 Kg8 39. Bh1 Kh8 40.
Ba8 Kg8 1/2-1/2